000 00576nam a2200145 a 4500
001 000048957
005 20201002061536.0
008 190507s2016 dr a 000 spa d
040 _aDO-SdBNP
_bspa
_cBNPHU
082 _axxx
_bC965
245 0 _aCuentas del agua de la República Dominicana : enfoque Nacional y la Región Este año 2005. /
_cComité Interinstitutcional para el Desarrollo de las Cuentas de Agua.
260 _aSanto Domingo :
_bMinisterio de Medio Ambiente y Recursos Naturales,
_c2016.
300 _a102 p. :
_bil. ;
_c27 cm.
590 _aInventariado, 2019 / DG
999 _c48445
_d48445